00480 2200181 4500001002100000005001500021035002000036245004800056100002000104250000600124300003000130260004500160082001400205084002000219008004100239650001000280990000800290INLIS00000000000024520250107023014 a0010-03190000621 aMayat Dalam Perpustakaan /cAgatha Christie0 aAgatha Christie a1 a275 hlm :bilust ;c20 cm aJakarta :bGramedia Pustaka Utama,c1985 a899.221'3 a899.221'3 AGA m250107 0  4aNovel a640